| 000 | 00573nam a22001577a 4500 | ||
|---|---|---|---|
| 020 | _qHard Cover. | ||
| 082 | _a620.005 | ||
| 100 | _aWarshi, Ramsha | ||
| 245 |
_aImpact of performance appraisal system on organizational Citizenship Behavior of Employees in IT Sector of Pakistan / _cRamsha Warshi |
||
| 260 |
_aIslamabad : _bCEME - NUST, _c2017. |
||
| 300 |
_axiii, 100 p. : ill. ; _c30cm. |
||
| 650 |
_aEngineering Management-MS-Thesis _916065 |
||
| 700 |
_aDr. Faheem Qaiser Jamil. _934791 |
||
| 942 |
_2ddc _cTHE |
||
| 999 |
_c540648 _d540648 |
||